<?xml version="1.0" encoding="UTF-8"?>
<record
    xmlns:xsi="http://www.w3.org/2001/XMLSchema-instance"
    xsi:schemaLocation="http://www.loc.gov/MARC21/slim http://www.loc.gov/standards/marcxml/schema/MARC21slim.xsd"
    xmlns="http://www.loc.gov/MARC21/slim">

  <leader>01008nam2a2200253   4500</leader>
  <controlfield tag="001">rc\2653904</controlfield>
  <controlfield tag="005">20260315043223.0</controlfield>
  <datafield tag="035" ind1=" " ind2=" ">
    <subfield code="a">(NLR Aleph) 006961232</subfield>
  </datafield>
  <datafield tag="090" ind1=" " ind2=" ">
    <subfield code="a">13563879</subfield>
    <subfield code="c">13563879</subfield>
  </datafield>
  <datafield tag="100" ind1=" " ind2=" ">
    <subfield code="a">20110615d1928    u  y0rusy50      ca</subfield>
  </datafield>
  <datafield tag="101" ind1="0" ind2=" ">
    <subfield code="a">rus</subfield>
  </datafield>
  <datafield tag="102" ind1=" " ind2=" ">
    <subfield code="a">RU</subfield>
  </datafield>
  <datafield tag="105" ind1=" " ind2=" ">
    <subfield code="a">a   z   |||||</subfield>
  </datafield>
  <datafield tag="200" ind1="1" ind2=" ">
    <subfield code="a">&#x41A;&#x43E;&#x436;&#x430;&#x43D;&#x44B;&#x439; &#x447;&#x443;&#x43B;&#x43E;&#x43A;</subfield>
    <subfield code="h">&#x41A;&#x43D;. 5</subfield>
    <subfield code="i">&#x41F;&#x440;&#x435;&#x440;&#x438;&#x44F;</subfield>
    <subfield code="f">&#x421; &#x43F;&#x440;&#x435;&#x434;&#x438;&#x441;&#x43B;. &#x421;. &#x414;&#x438;&#x43D;&#x430;&#x43C;&#x43E;&#x432;&#x430;</subfield>
  </datafield>
  <datafield tag="210" ind1=" " ind2=" ">
    <subfield code="d">1928</subfield>
  </datafield>
  <datafield tag="215" ind1=" " ind2=" ">
    <subfield code="a">268 &#x441;.</subfield>
    <subfield code="c">&#x438;&#x43B;.</subfield>
  </datafield>
  <datafield tag="461" ind1=" " ind2="0">
    <subfield code="1">001rc\2653897</subfield>
    <subfield code="1">2001#$a&#x41F;&#x43E;&#x43B;&#x43D;&#x43E;&#x435; &#x441;&#x43E;&#x431;&#x440;&#x430;&#x43D;&#x438;&#x435; &#x440;&#x43E;&#x43C;&#x430;&#x43D;&#x43E;&#x432;$f&#x41F;&#x43E;&#x434; &#x440;&#x435;&#x434;. &#x41D;. &#x41C;&#x43E;&#x433;&#x443;&#x447;&#x435;&#x433;&#x43E;$v&#x422;. 7</subfield>
    <subfield code="1">700#1$a&#x41A;&#x443;&#x43F;&#x435;&#x440;$b&#x424;.$g&#x424;&#x435;&#x43D;&#x438;&#x43C;&#x43E;&#x440;$f1789-1851</subfield>
    <subfield code="9">5346454</subfield>
    <subfield code="a">&#x41A;&#x443;&#x43F;&#x435;&#x440;, &#x424;. (1789-1851)</subfield>
    <subfield code="c">&#x41C;&#x43E;&#x441;&#x43A;&#x432;&#x430;</subfield>
    <subfield code="d">1927-1928</subfield>
    <subfield code="f">&#x41F;&#x43E;&#x434; &#x440;&#x435;&#x434;. &#x41D;. &#x41C;&#x43E;&#x433;&#x443;&#x447;&#x435;&#x433;&#x43E;</subfield>
    <subfield code="n">&#x417;&#x435;&#x43C;&#x43B;&#x44F; &#x438; &#x444;&#x430;&#x431;&#x440;&#x438;&#x43A;&#x430;</subfield>
    <subfield code="o">&#x422;. I -</subfield>
    <subfield code="t">&#x41F;&#x43E;&#x43B;&#x43D;&#x43E;&#x435; &#x441;&#x43E;&#x431;&#x440;&#x430;&#x43D;&#x438;&#x435; &#x440;&#x43E;&#x43C;&#x430;&#x43D;&#x43E;&#x432;</subfield>
    <subfield code="v">&#x422;. 7</subfield>
  </datafield>
  <datafield tag="702" ind1=" " ind2="1">
    <subfield code="a">&#x414;&#x438;&#x43D;&#x430;&#x43C;&#x43E;&#x432;</subfield>
    <subfield code="b">&#x421;.&#x421;.</subfield>
    <subfield code="4">080</subfield>
  </datafield>
  <datafield tag="801" ind1=" " ind2="0">
    <subfield code="a">RU</subfield>
    <subfield code="b">NLR</subfield>
    <subfield code="g">psbo</subfield>
  </datafield>
  <datafield tag="801" ind1=" " ind2="1">
    <subfield code="a">RU</subfield>
    <subfield code="b">ELAR</subfield>
    <subfield code="2">rusmarc</subfield>
  </datafield>
  <datafield tag="852" ind1=" " ind2=" ">
    <subfield code="a">NLR</subfield>
    <subfield code="j">44/515(7)</subfield>
  </datafield>
  <datafield tag="942" ind1=" " ind2=" ">
    <subfield code="c">UNSPEC</subfield>
  </datafield>
  <datafield tag="980" ind1=" " ind2=" ">
    <subfield code="a">NB</subfield>
  </datafield>
</record>
